ALL INDIA SAINIK SCHOOL / (Record no. 200412)

MARC details
000 -LEADER
fixed length control field 00527nam a22001817a 4500
005 - DATE AND TIME OF LATEST TRANSACTION
control field 20240125153707.0
010 ## - LCCN (DPL NO)
LC control number ENG-139049
020 ## - INTERNATIONAL STANDARD BOOK NUMBER
Terms of availability 320.00
035 ## - SYSTEM CONTROL NUMBER
System control number EN-122581
037 ## - SOURCE OF ACQUISITION
Source of stock number/acquisition DBAD/PUB
082 ## - DEWEY DECIMAL CLASSIFICATION NUMBER
Classification number 000
245 ## - TITLE STATEMENT
Title ALL INDIA SAINIK SCHOOL /
260 ## - PUBLICATION, DISTRIBUTION, ETC. (IMPRINT)
Place of publication, distribution, etc Vijyawada
Name of publisher, distributor, etc V.G.S
270 ## - ADDRESS
City Vijayawada
Address 5-6-59/3, second Floor, Tammina Krishna Street , Behind Sairam Theatre
Postal code 520001
300 ## - PHYSICAL DESCRIPTION
Extent 532 p.
Dimensions 28 cm(pbk)
710 ## - ADDED ENTRY--CORPORATE NAME
Corporate name or jurisdiction name as entry element Roma Chatterjee
Relator term Editor
9 (RLIN) 59600
942 ## - ADDED ENTRY ELEMENTS (KOHA)
Source of classification or shelving scheme Dewey Decimal Classification
Item type English Books
Classification part 000
Call number suffix ALL
Holdings
Withdrawn status Lost status Not for loan Collection code Home library Current library Date acquired Source of acquisition Cost, normal purchase price Full call number Barcode Copy number Cost, replacement price Koha item type
      Non-fiction Sarojini Nagar Sarojini Nagar 25/01/2024 DBAD/PUB 320.00 000 ALL EN-122581 1 320.00 English Books

© Delhi Public Library
Hit Counter
free hit counter